000 00346nam a2200133Ia 4500
008 151001s9999||||xx |||||||||||||| ||und||
100 _aश्यामसिंह शशी
245 _aजंगल कि गुडियाँ
250 _a1
260 _bसंगीता
260 _c2007
300 _a71
365 _b21
999 _c989561
_d989558